Nástroj pre vytváranie kurzov

Salvato in:
Dettagli Bibliografici
Autore principale: Tomek, Peter (Autore)
Natura: Manoscritto Libro
Lingua:slovacco
Pubblicazione: Bratislava : STU v Bratislave FIIT, 2006
Soggetti:
Tags: Aggiungi Tag
Nessun Tag, puoi essere il primo ad aggiungerne!!

MARC

LEADER 00000ntm a22000003a 4500
001 stu141953
005 20160720142920.1
008 070531s2006----xo------------------slo-d
040 |a STU  |b slo 
041 0 |a slo 
044 |a xo 
100 1 |a Tomek, Peter  |4 aut 
245 1 |a Nástroj pre vytváranie kurzov 
260 |a Bratislava :  |b STU v Bratislave FIIT,  |c 2006 
300 |a 56 s 
650 7 |a informatika  |2 stusub 
996 |b IZP90/06  |c I*ZP90/06  |l II680  |s A  |a 24  |w stu141953_0001